Online
Catalog

Técnicas de investigación en educación / (Record no. 6150)

MARC details
000 -CABECERA
campo de control de longitud fija 00669nam a2200205 a 4500
001 - NÚMERO DE CONTROL
campo de control 000006355
005 - FECHA Y HORA DE LA ÚLTIMA TRANSACCIÓN
campo de control 20250225115302.0
008 - DATOS DE LONGITUD FIJA--INFORMACIÓN GENERAL
campo de control de longitud fija 090828s1977 dr 001 0 spa d
040 ## - FUENTE DE LA CATALOGACIÓN
Centro catalogador/agencia de origen DO-SdBNP
Lengua de catalogación spa
Centro/agencia transcriptor BNPHU
082 ## - NÚMERO DE LA CLASIFICACIÓN DECIMAL DEWEY
Número de clasificación 370.7
Número de documento/Ítem L554t
100 1# - ENTRADA PRINCIPAL--NOMBRE DE PERSONA
Nombre de persona Lemke, Donal A.
9 (RLIN) 17688
245 10 - MENCIÓN DE TÍTULO
Título Técnicas de investigación en educación /
Mención de responsabilidad, etc. Donal A. Lemke.
260 ## - PUBLICACIÓN, DISTRIBUCIÓN, ETC.
Lugar de publicación, distribución, etc. Santo Domingo :
Nombre del editor, distribuidor, etc. Perfil,
Fecha de publicación, distribución, etc. 1977.
300 ## - DESCRIPCIÓN FÍSICA
Extensión 257 p. :
Otras características físicas il., tablas. ;
Dimensiones 21 cm.
590 ## - NOTA LOCAL (RLIN)
Nota local Inventariado, 2018/LP
650 #4 - PUNTO DE ACCESO ADICIONAL DE MATERIA--TÉRMINO DE MATERIA
Término de materia o nombre geográfico como elemento de entrada Educación
Subdivisión general Investigaciones
9 (RLIN) 13089
650 #0 - PUNTO DE ACCESO ADICIONAL DE MATERIA--TÉRMINO DE MATERIA
Término de materia o nombre geográfico como elemento de entrada Ciencia -
Subdivisión general Metodología
9 (RLIN) 3
650 #4 - PUNTO DE ACCESO ADICIONAL DE MATERIA--TÉRMINO DE MATERIA
Término de materia o nombre geográfico como elemento de entrada Proyectos de investigación
9 (RLIN) 12
910 ## - DATOS DE OPCIÓN DEL USUARIO (OCLC)
Datos de opción del usuario Validado. Control de la calidad EMS
Holdings
Estado de retiro Estado de pérdida Restricciones de uso No para préstamo Código de colección Localización permanente Ubicación/localización actual Ubicación en estantería Fecha de adquisición Número de inventario Total de préstamos Signatura topográfica completa Código de barras Fecha visto por última vez Número de copia Precio válido a partir de Tipo de ítem Koha Nota pública
        Dominicana de Servicio General General Depósito 30.08.2018 LF1   370.7 L554t 6355-30 25.06.2020 e. 3 25.06.2020 Libro y Folleto Colección Dominicana de Servicio Perteneció a la biblioteca personal de Bárbara Suncar.
      Excluido de préstamo Patrimonio Dominicano Patrimonio Dominicano Patrimonio Dominicano Depósito 28.08.2009 LF1   370.7 L554t 6355-10 25.06.2020   25.06.2020 Libro y Folleto Colección Patrimonio Dominicano  
      Excluido de préstamo Patrimonio Dominicano Patrimonio Dominicano Patrimonio Dominicano Depósito 28.08.2009 LF1   370.7 L554t 6355-20 25.06.2020 e. 2 25.06.2020 Libro y Folleto Colección Patrimonio Dominicano  

Powered by Koha